1815 1576 1032 1611 1918 1307 1449 1594 1780 1906 1452 1535 1367 1394 1699 1278 1851 1466 1464 1718 1305 1124 1151 1210 1749 1147 1377 1704 1459 1860 1710 1672 1993 1444 1214 1838 1187 1274 1680 1271 1602 1629 1101 1724 1430 1718 1722 1702 1528 1171 1308 1262 1972 1836 1021 1079 1526 1603 1039 1188 1911 1611 1296 1347 1459 1566 1529 1264 1364 1151 1207 1009 1938 1361 1939 1447 1456 1482 1371 1576 1348 1597 1970 1377 1961 1719 1758 1901 1340 1672 1811 1128 1177 1018 1440 1377 1736 1665 1835 BCNSPRNW ULIB Ver.6.0+V

เปลี่ยนเป็นภาษาไทย

Change to English
 แสดงรายละเอียดบรรณานุกรม
  กลับหน้าหลัก

Brief Record : Get Marc (ISO 2709) : E-mail record : QR code < ปิดหน้าต่าง
LEADER : 00000nam 2200000uu 4500
001    13399114458
003     ULIB
008    110405s||||||||th 000 0 tha d
020    9749301706
020    9789749301708
060 04 ^aWB537^bม686ค
110 1  มูลนิธิการแพทย์แผนไทยพัฒนา
245 10 คู่มืออบรมการนวดไทย : แบบเชลยศักดิ์ /^cมูลนิธิการแพทย์แผนไทยพัฒนา
250    พิมพ์ครั้งที่ 3
260    กรุงเทพฯ :^bมูลนิธิการแพทย์แผนไทยพัฒนา,^c2553
300    134 หน้า :^bภาพประกอบสี
650  7 การนวด
650  7 คู่มืออบรม^xการนวดไทย
650  7 เชลยศักดิ์
700 0  เพ็ญนภา ทรัพย์เจริญ,^eบรรณาธิการ
945    ^p200^l0^i031574
945    ^p200^l0^i031575
995    ทศพร
999 ^a ใช้งานได้ทุกระบบ
รายการนี้ยังไม่มีแท็ก
คุณยังไม่ได้ล็อกอิน คุณสามารถมีกิจกรรมร่วมกับเว็บไซต์ได้ แต่ต้องล็อกอินก่อน ::
  ล็อกอิน

รายการสื่อสารสนเทศ

ลำดับที่ ประเภท เลขเรียก/บาร์โค้ด สถานที่ สถานะ
1. วิทยาศาสตร์การแพทย์ และสุขภาพ
หนังสือสำรอง
สถานะ=หนังสือสำรอง
WB537 ม686ค ฉ.1 
  Barcode: 031574
ห้องสมุดวิทยาเขตสวรรค์ประชารักษ์
►ส่วนจัดเก็บหนังสือเก่า สปร
บนชั้น
  ขอยืม
2. วิทยาศาสตร์การแพทย์ และสุขภาพ
วิทยาศาสตร์การแพทย์ และสุขภาพ
WB537 ม686ค ฉ.2 
  Barcode: 031575
ห้องสมุดวิทยาเขตสวรรค์ประชารักษ์
►ส่วนจัดเก็บหนังสือเก่า สปร
บนชั้น
  ขอยืม

รายการใกล้เคียง
    หัวเรื่อง [การนวด]
    หัวเรื่อง [เชลยศักดิ์]

BibComment


ยังไม่เคยถูกคอมเมนท์

คอมเมนท์ทรัพยากรรายการนี้
  คอมเมนท์: คู่มืออบรมการนวดไ..


 Copyright 2026. Bcnsprnw @Library